[Event "DEM U10 2022"]
[Site "Willingen GER"]
[Date "2022.06.09"]
[Round "8"]
[White "Nezhyvenko, Mykhaylo"]
[Black "Hepp, Daniel"]
[Result "1-0"]
[Termination "normal"]
[Board "1"]
[WhiteElo "1488"]
[BlackElo "1468"]
[WhiteClock "00:18:47"]
[BlackClock "00:26:58"]
[PlyCount "89"]
[WhiteFideId "34139885"]
[BlackFideId "34608567"]
[EventCountry "GER"]
[EventRounds "11"]
[EventType "swiss"]
[EventDate "2022.06.04"]

1. e4 {[%clk 01:15:59]} c5 {[%clk 01:15:53]} {[%emt 00:00:07]} 2. Nf3 {[%clk
01:16:26]} {[%emt 00:00:04]} Nc6 {[%clk 01:16:10]} {[%emt 00:00:13]} 3. d4
{[%clk 01:16:53]} {[%emt 00:00:03]} cxd4 {[%clk 01:16:20]} {[%emt 00:00:20]} 4.
Nxd4 {[%clk 01:17:22]} {[%emt 00:00:01]} e5 {[%clk 01:16:31]} {[%emt 00:00:19]}
5. Nb5 {[%clk 01:17:48]} {[%emt 00:00:04]} d6 {[%clk 01:16:39]} {[%emt
00:00:22]} 6. N1c3 {[%clk 01:18:10]} {[%emt 00:00:08]} a6 {[%clk 01:16:36]}
{[%emt 00:00:33]} 7. Na3 {[%clk 01:18:39]} {[%emt 00:00:01]} Be6 {[%clk
01:16:42]} {[%emt 00:00:23]} 8. Be3 {[%clk 01:17:50]} {[%emt 00:01:19]} Nf6
{[%clk 01:16:00]} {[%emt 00:01:12]} 9. Be2 {[%clk 01:17:27]} {[%emt 00:00:54]}
Be7 {[%clk 01:15:39]} {[%emt 00:00:52]} 10. Nd5 {[%clk 01:17:18]} {[%emt
00:00:39]} O-O {[%clk 01:13:45]} {[%emt 00:02:23]} 11. Nxf6+ {[%clk 01:15:57]}
{[%emt 00:01:50]} Bxf6 {[%clk 01:13:54]} {[%emt 00:00:22]} 12. Nc4 {[%clk
01:16:15]} {[%emt 00:00:12]} Bxc4 {[%clk 01:13:19]} {[%emt 00:01:05]} 13. Bxc4
{[%clk 01:16:42]} {[%emt 00:00:03]} Bg5 {[%clk 01:11:46]} {[%emt 00:02:03]} 14.
Qd2 {[%clk 01:15:51]} {[%emt 00:01:22]} Bxe3 {[%clk 01:11:21]} {[%emt
00:00:54]} 15. fxe3 {[%clk 01:16:20]} Qh4+ {[%clk 01:11:26]} {[%emt 00:00:24]}
16. Qf2 {[%clk 01:16:18]} {[%emt 00:00:33]} Qxe4 {[%clk 01:10:02]} {[%emt
00:01:54]} 17. Bd3 {[%clk 01:16:43]} {[%emt 00:00:05]} Qg4 {[%clk 01:09:24]}
{[%emt 00:01:07]} 18. h3 {[%clk 01:15:20]} {[%emt 00:01:54]} Qg5 {[%clk
01:08:43]} {[%emt 00:01:10]} 19. O-O-O {[%clk 01:14:54]} {[%emt 00:00:57]} Rac8
{[%clk 01:08:18]} {[%emt 00:00:55]} 20. Bf5 {[%clk 01:13:59]} {[%emt 00:01:25]}
Rc7 {[%clk 01:08:19]} {[%emt 00:00:29]} 21. Rxd6 {[%clk 01:10:35]} {[%emt
00:03:54]} g6 {[%clk 01:07:38]} {[%emt 00:01:12]} 22. Be4 {[%clk 01:08:52]}
{[%emt 00:02:13]} Rfc8 {[%clk 01:03:40]} {[%emt 00:04:27]} 23. Kb1 {[%clk
01:03:45]} {[%emt 00:05:38]} Qe7 {[%clk 01:00:54]} {[%emt 00:03:15]} 24. Rd2
{[%clk 00:59:20]} {[%emt 00:04:55]} Na5 {[%clk 00:57:59]} {[%emt 00:03:24]} 25.
Bd5 {[%clk 00:59:19]} {[%emt 00:00:32]} b5 {[%clk 00:57:43]} {[%emt 00:00:46]}
26. Rhd1 {[%clk 00:59:25]} {[%emt 00:00:23]} Nc4 {[%clk 00:57:06]} {[%emt
00:01:07]} 27. Bxc4 {[%clk 00:59:54]} {[%emt 00:00:02]} bxc4 {[%clk 00:57:19]}
{[%emt 00:00:17]} 28. c3 {[%clk 01:00:22]} {[%emt 00:00:01]} a5 {[%clk
00:57:31]} {[%emt 00:00:18]} 29. Rd5 {[%clk 00:54:42]} {[%emt 00:06:11]} Ra7
{[%clk 00:55:40]} {[%emt 00:02:20]} 30. Qg3 {[%clk 00:53:32]} {[%emt 00:01:40]}
Rc5 {[%clk 00:54:22]} {[%emt 00:01:49]} 31. Rd8+ {[%clk 00:48:24]} {[%emt
00:05:38]} Kg7 {[%clk 00:54:33]} {[%emt 00:00:18]} 32. Qg4 {[%clk 00:48:53]}
{[%emt 00:00:02]} f5 {[%clk 00:53:18]} {[%emt 00:01:45]} 33. Qf3 {[%clk
00:49:19]} {[%emt 00:00:04]} e4 {[%clk 00:52:11]} {[%emt 00:01:37]} 34. Qf4
{[%clk 00:49:31]} {[%emt 00:00:18]} Rcc7 {[%clk 00:50:25]} {[%emt 00:02:15]}
35. g4 {[%clk 00:48:43]} {[%emt 00:01:18]} Rd7 {[%clk 00:49:36]} {[%emt
00:01:20]} 36. R8xd7 {[%clk 00:31:46]} {[%emt 00:17:27]} Rxd7 {[%clk 00:49:49]}
{[%emt 00:00:17]} 37. Rf1 {[%clk 00:26:02]} {[%emt 00:06:14]} Rd5 {[%clk
00:49:39]} {[%emt 00:00:40]} 38. Kc1 {[%clk 00:24:03]} {[%emt 00:02:30]} a4
{[%clk 00:48:39]} {[%emt 00:01:29]} 39. a3 {[%clk 00:22:30]} {[%emt 00:02:04]}
Qd7 {[%clk 00:46:11]} {[%emt 00:02:57]} 40. Qf2 {[%clk 00:19:19]} {[%emt
00:03:41]} Rb5 {[%clk 00:40:30]} {[%emt 00:06:11]} 41. h4 {[%clk 00:19:09]}
{[%emt 00:00:40]} Qf7 {[%clk 00:38:39]} {[%emt 00:02:20]} 42. h5 {[%clk
00:19:18]} {[%emt 00:00:21]} Rd5 {[%clk 00:36:16]} {[%emt 00:02:52]} 43. hxg6
{[%clk 00:18:06]} {[%emt 00:01:42]} hxg6 {[%clk 00:35:14]} {[%emt 00:01:31]}
44. Qh4 {[%clk 00:18:25]} {[%emt 00:00:12]} Rd8 {[%clk 00:26:58]} {[%emt
00:08:47]} 45. Qxd8 {[%clk 00:18:47]} {[%emt 00:00:08]} 1-0

[Event "DEM U10 2022"]
[Site "Willingen GER"]
[Date "2022.06.09"]
[Round "8"]
[White "Sheng, Ming"]
[Black "Peglau, Paul David"]
[Result "1/2-1/2"]
[Termination "normal"]
[Board "8"]
[WhiteElo "1330"]
[BlackElo "1623"]
[WhiteClock "00:18:20"]
[BlackClock "00:27:01"]
[PlyCount "77"]
[WhiteFideId "34605258"]
[BlackFideId "16290550"]
[EventCountry "GER"]
[EventRounds "11"]
[EventType "swiss"]
[EventDate "2022.06.04"]

1. e4 {[%clk 01:15:42]} {[%emt 00:00:17]} c5 {[%clk 01:15:04]} {[%emt
00:00:57]} 2. Nf3 {[%clk 01:15:42]} {[%emt 00:00:28]} Nc6 {[%clk 01:15:30]}
{[%emt 00:00:06]} 3. d4 {[%clk 01:16:01]} {[%emt 00:00:11]} cxd4 {[%clk
01:15:59]} {[%emt 00:00:02]} 4. Nxd4 {[%clk 01:16:22]} {[%emt 00:00:09]} g6
{[%clk 01:15:57]} {[%emt 00:00:32]} 5. Nc3 {[%clk 01:16:38]} {[%emt 00:00:14]}
Bg7 {[%clk 01:16:09]} {[%emt 00:00:17]} 6. Be3 {[%clk 01:17:00]} {[%emt
00:00:08]} Nf6 {[%clk 01:15:03]} {[%emt 00:01:36]} 7. Nxc6 {[%clk 01:16:00]}
{[%emt 00:01:32]} bxc6 {[%clk 01:15:19]} {[%emt 00:00:13]} 8. e5 {[%clk
01:16:21]} {[%emt 00:00:09]} Nd5 {[%clk 01:15:01]} {[%emt 00:00:48]} 9. Nxd5
{[%clk 01:16:08]} {[%emt 00:00:43]} cxd5 {[%clk 01:15:20]} {[%emt 00:00:12]}
10. Qxd5 {[%clk 01:16:30]} {[%emt 00:00:06]} Rb8 {[%clk 01:15:20]} {[%emt
00:00:30]} 11. Bxa7 {[%clk 01:15:32]} {[%emt 00:01:28]} Rxb2 {[%clk 01:14:52]}
{[%emt 00:00:59]} 12. Bd4 {[%clk 01:15:20]} {[%emt 00:00:41]} Rxc2 {[%clk
01:12:14]} {[%emt 00:03:08]} 13. Bd3 {[%clk 01:15:00]} {[%emt 00:00:49]} Rc6
{[%clk 01:10:43]} {[%emt 00:01:47]} 14. O-O {[%clk 01:13:47]} {[%emt 00:01:59]}
O-O {[%clk 01:10:14]} {[%emt 00:00:59]} 15. a4 {[%clk 01:11:27]} {[%emt
00:02:50]} Qc7 {[%clk 01:05:49]} {[%emt 00:04:55]} 16. Bb5 {[%clk 01:08:59]}
{[%emt 00:02:58]} Re6 {[%clk 01:01:03]} {[%emt 00:05:16]} 17. Rfc1 {[%clk
01:08:17]} {[%emt 00:01:12]} Qb8 {[%clk 01:00:08]} {[%emt 00:01:26]} 18. Bxd7
{[%clk 00:51:58]} {[%emt 00:16:50]} Bxd7 {[%clk 00:50:31]} {[%emt 00:10:07]}
19. Qxd7 {[%clk 00:51:44]} {[%emt 00:00:43]} Rd8 {[%clk 00:47:52]} {[%emt
00:03:10]} 20. Qa7 {[%clk 00:46:39]} {[%emt 00:05:35]} Qxa7 {[%clk 00:45:36]}
{[%emt 00:02:47]} 21. Bxa7 {[%clk 00:45:52]} {[%emt 00:01:16]} Bxe5 {[%clk
00:44:42]} {[%emt 00:01:24]} 22. Ra2 {[%clk 00:42:23]} {[%emt 00:03:59]} Ra6
{[%clk 00:42:37]} {[%emt 00:02:35]} 23. Bc5 {[%clk 00:40:59]} {[%emt 00:01:43]}
Rda8 {[%clk 00:39:43]} {[%emt 00:03:33]} 24. Bxe7 {[%clk 00:39:28]} {[%emt
00:02:03]} Rxa4 {[%clk 00:39:28]} {[%emt 00:00:46]} 25. Rxa4 {[%clk 00:38:53]}
{[%emt 00:01:05]} Rxa4 {[%clk 00:39:57]} {[%emt 00:00:02]} 26. g3 {[%clk
00:38:40]} {[%emt 00:00:42]} Ra1 {[%clk 00:38:42]} {[%emt 00:01:44]} 27. Rxa1
{[%clk 00:37:11]} {[%emt 00:02:00]} Bxa1 {[%clk 00:39:10]} {[%emt 00:00:02]}
28. Kg2 {[%clk 00:37:08]} {[%emt 00:00:32]} f5 {[%clk 00:39:29]} {[%emt
00:00:11]} 29. Kf3 {[%clk 00:36:44]} {[%emt 00:00:54]} Kf7 {[%clk 00:39:55]}
{[%emt 00:00:05]} 30. Bc5 {[%clk 00:36:00]} {[%emt 00:01:14]} Kf6 {[%clk
00:39:49]} {[%emt 00:00:36]} 31. Ke3 {[%clk 00:29:40]} {[%emt 00:06:49]} Kg5
{[%clk 00:34:49]} {[%emt 00:05:30]} 32. Be7+ {[%clk 00:28:28]} {[%emt
00:01:42]} Kg4 {[%clk 00:33:30]} {[%emt 00:01:49]} 33. h4 {[%clk 00:26:48]}
{[%emt 00:02:10]} Be5 {[%clk 00:32:57]} {[%emt 00:01:04]} 34. Bg5 {[%clk
00:26:17]} {[%emt 00:00:59]} Bc7 {[%clk 00:30:04]} {[%emt 00:03:22]} 35. Ke2
{[%clk 00:21:42]} {[%emt 00:05:05]} f4 {[%clk 00:27:25]} {[%emt 00:03:11]} 36.
gxf4 {[%clk 00:20:11]} {[%emt 00:02:02]} Bxf4 {[%clk 00:27:04]} {[%emt
00:00:51]} 37. f3+ {[%clk 00:18:19]} {[%emt 00:02:21]} Kg3 {[%clk 00:26:33]}
{[%emt 00:01:01]} 38. Bxf4+ {[%clk 00:18:20]} {[%emt 00:00:30]} Kxf4 {[%clk
00:27:01]} {[%emt 00:00:01]} 39. Kf2 {[%emt 00:02:26]} 1/2-1/2

[Event "DEM U10 2022"]
[Site "Willingen GER"]
[Date "2022.06.09"]
[Round "8"]
[White "Thoms, Eric"]
[Black "Fels, Mattis"]
[Result "1-0"]
[Termination "normal"]
[Board "16"]
[WhiteElo "1219"]
[BlackElo "1395"]
[WhiteClock "00:23:25"]
[BlackClock "00:18:17"]
[PlyCount "109"]
[WhiteFideId "34623450"]
[BlackFideId "34623795"]
[EventCountry "GER"]
[EventRounds "11"]
[EventType "swiss"]
[EventDate "2022.06.04"]

1. e4 {[%clk 01:15:57]} {[%emt 00:00:02]} c5 {[%clk 01:15:53]} {[%emt
00:00:07]} 2. Nf3 {[%clk 01:16:19]} {[%emt 00:00:08]} e6 {[%clk 01:16:11]}
{[%emt 00:00:13]} 3. d4 {[%clk 01:16:42]} {[%emt 00:00:07]} cxd4 {[%clk
01:16:35]} {[%emt 00:00:06]} 4. Nxd4 {[%clk 01:17:03]} {[%emt 00:00:09]} Nc6
{[%clk 01:16:52]} {[%emt 00:00:13]} 5. Nc3 {[%clk 01:17:24]} {[%emt 00:00:09]}
Qc7 {[%clk 01:16:31]} {[%emt 00:00:50]} 6. Be3 {[%clk 01:17:43]} {[%emt
00:00:12]} a6 {[%clk 01:16:45]} {[%emt 00:00:16]} 7. Qd2 {[%clk 01:11:11]}
{[%emt 00:07:01]} b5 {[%clk 01:12:18]} {[%emt 00:04:57]} 8. Nxc6 {[%clk
00:58:43]} {[%emt 00:12:58]} Qxc6 {[%clk 01:09:09]} {[%emt 00:03:40]} 9. Bd3
{[%clk 00:58:08]} {[%emt 00:01:05]} Nf6 {[%clk 01:06:52]} {[%emt 00:02:47]} 10.
f3 {[%clk 00:47:01]} {[%emt 00:11:36]} d5 {[%clk 01:02:04]} {[%emt 00:05:18]}
11. O-O-O {[%clk 00:41:28]} {[%emt 00:06:03]} Bb4 {[%clk 00:57:39]} {[%emt
00:04:55]} 12. e5 {[%clk 00:35:20]} {[%emt 00:06:38]} Nd7 {[%clk 00:52:54]}
{[%emt 00:05:15]} 13. Bd4 {[%clk 00:35:12]} {[%emt 00:00:38]} O-O {[%clk
00:46:15]} {[%emt 00:07:10]} 14. h4 {[%clk 00:34:37]} {[%emt 00:01:05]} Nc5
{[%clk 00:35:36]} {[%emt 00:11:09]} 15. a3 {[%clk 00:34:00]} {[%emt 00:01:08]}
Ba5 {[%clk 00:35:33]} {[%emt 00:00:32]} 16. Bxc5 {[%clk 00:34:06]} {[%emt
00:00:24]} Qxc5 {[%clk 00:35:31]} {[%emt 00:00:32]} 17. b4 {[%clk 00:34:01]}
{[%emt 00:00:35]} Bxb4 {[%clk 00:35:49]} {[%emt 00:00:12]} 18. axb4 {[%clk
00:34:09]} {[%emt 00:00:21]} Qxb4 {[%clk 00:36:10]} {[%emt 00:00:10]} 19. Nb1
{[%clk 00:33:24]} {[%emt 00:01:14]} Qa4 {[%clk 00:34:27]} {[%emt 00:02:13]} 20.
g4 {[%clk 00:30:06]} {[%emt 00:03:48]} Bd7 {[%clk 00:29:37]} {[%emt 00:05:21]}
21. g5 {[%clk 00:29:15]} {[%emt 00:01:20]} Rac8 {[%clk 00:28:30]} {[%emt
00:01:38]} 22. h5 {[%clk 00:28:12]} {[%emt 00:01:33]} g6 {[%clk 00:28:24]}
{[%emt 00:00:36]} 23. hxg6 {[%clk 00:27:38]} {[%emt 00:01:05]} fxg6 {[%clk
00:28:46]} {[%emt 00:00:08]} 24. Qh2 {[%clk 00:26:54]} {[%emt 00:01:13]} Qf4+
{[%clk 00:28:20]} {[%emt 00:00:56]} 25. Qxf4 {[%clk 00:27:06]} {[%emt
00:00:18]} Rxf4 {[%clk 00:28:44]} {[%emt 00:00:07]} 26. Rhf1 {[%clk 00:25:48]}
{[%emt 00:01:48]} Bc6 {[%clk 00:21:49]} {[%emt 00:07:24]} 27. Be2 {[%clk
00:24:51]} {[%emt 00:01:27]} Rf5 {[%clk 00:20:11]} {[%emt 00:02:09]} 28. f4
{[%clk 00:24:56]} {[%emt 00:00:24]} Rcf8 {[%clk 00:19:19]} {[%emt 00:01:23]}
29. Rd4 {[%clk 00:24:59]} {[%emt 00:00:27]} Kg7 {[%clk 00:18:55]} {[%emt
00:00:55]} 30. Bd3 {[%clk 00:23:35]} {[%emt 00:01:52]} R5f7 {[%clk 00:19:14]}
{[%emt 00:00:11]} 31. Nc3 {[%clk 00:23:00]} {[%emt 00:01:06]} h6 {[%clk
00:18:41]} {[%emt 00:01:03]} 32. gxh6+ {[%clk 00:22:51]} {[%emt 00:00:39]} Kxh6
{[%clk 00:18:59]} {[%emt 00:00:12]} 33. Rh1+ {[%clk 00:22:49]} {[%emt
00:00:32]} Kg7 {[%clk 00:19:19]} {[%emt 00:00:10]} 34. Rg1 {[%clk 00:22:54]}
{[%emt 00:00:24]} Rxf4 {[%clk 00:15:13]} {[%emt 00:04:37]} 35. Rxg6+ {[%clk
00:23:11]} {[%emt 00:00:13]} Kh8 {[%clk 00:15:35]} {[%emt 00:00:08]} 36. Rxf4
{[%clk 00:23:16]} {[%emt 00:00:24]} Rxf4 {[%clk 00:15:58]} {[%emt 00:00:07]}
37. Rxe6 {[%clk 00:23:25]} {[%emt 00:00:21]} Bd7 {[%clk 00:15:48]} {[%emt
00:00:41]} 38. Rxa6 {[%clk 00:23:05]} {[%emt 00:00:50]} b4 {[%clk 00:15:51]}
{[%emt 00:00:27]} 39. Nxd5 {[%clk 00:23:06]} {[%emt 00:00:29]} Rd4 {[%clk
00:15:44]} {[%emt 00:00:35]} 40. Rh6+ {[%clk 00:22:25]} {[%emt 00:01:12]} Kg7
{[%clk 00:15:23]} {[%emt 00:00:51]} 41. Rh7+ {[%clk 00:22:38]} {[%emt
00:00:17]} Kf8 {[%clk 00:15:30]} {[%emt 00:00:24]} 42. Rxd7 {[%clk 00:22:40]}
{[%emt 00:00:28]} b3 {[%clk 00:15:50]} {[%emt 00:00:10]} 43. Nf6 {[%clk
00:21:27]} {[%emt 00:01:42]} b2+ {[%clk 00:15:52]} {[%emt 00:00:28]} 44. Kb1
{[%clk 00:20:33]} {[%emt 00:01:24]} Rxd7 {[%clk 00:15:51]} {[%emt 00:00:31]}
45. Nxd7+ {[%clk 00:20:54]} {[%emt 00:00:09]} Ke7 {[%clk 00:15:54]} {[%emt
00:00:27]} 46. Bc4 {[%clk 00:20:56]} {[%emt 00:00:29]} Kxd7 {[%clk 00:16:08]}
{[%emt 00:00:16]} 47. e6+ {[%clk 00:21:14]} {[%emt 00:00:11]} Ke7 {[%clk
00:16:33]} {[%emt 00:00:06]} 48. Kxb2 {[%clk 00:21:36]} {[%emt 00:00:08]} Kd6
{[%clk 00:16:52]} {[%emt 00:00:12]} 49. Kc3 {[%clk 00:21:53]} {[%emt 00:00:12]}
Ke7 {[%clk 00:17:16]} {[%emt 00:00:06]} 50. Kd4 {[%clk 00:22:13]} {[%emt
00:00:10]} Kd6 {[%clk 00:17:40]} {[%emt 00:00:06]} 51. c3 {[%clk 00:22:24]}
{[%emt 00:00:19]} Ke7 {[%clk 00:17:32]} {[%emt 00:00:38]} 52. Ke5 {[%clk
00:22:45]} {[%emt 00:00:08]} Ke8 {[%clk 00:17:32]} {[%emt 00:00:31]} 53. Kf6
{[%clk 00:23:04]} {[%emt 00:00:11]} Kf8 {[%clk 00:17:42]} {[%emt 00:00:21]} 54.
e7+ {[%clk 00:23:25]} {[%emt 00:00:09]} Ke8 {[%clk 00:18:17]} {[%emt 00:00:30]}
55. Bb5# {[%emt 00:00:07]} 1-0

[Event "DEM U10 2022"]
[Site "Willingen GER"]
[Date "2022.06.09"]
[Round "8"]
[White "Mulgunov, Jefim Nikolaj"]
[Black "Meurer, Knut"]
[Result "1-0"]
[Termination "normal"]
[Board "28"]
[WhiteElo "1055"]
[BlackElo "998"]
[PlyCount "29"]
[WhiteFideId "124277417"]
[BlackFideId "34623604"]
[EventCountry "GER"]
[EventRounds "11"]
[EventType "swiss"]
[EventDate "2022.06.04"]

1. e3 c5 2. Nc3 d6 3. Nf3 Nc6 4. Bc4 Nf6 5. O-O g6 6. d4 cxd4 7. exd4 Bg4 8. h3
Bxf3 9. Qxf3 Nxd4 10. Qxb7 Nxc2 11. Bb5+ Nd7 12. Nd5 Rc8 13. a4 e6 14. Bxd7+
Qxd7 15. Nf6+ 1-0